Perspective plan for coastal Andhra (Record no. 509197)

000 -LEADER
fixed length control field 00339nam a22000977a 4500
082 ## - DEWEY DECIMAL CLASSIFICATION NUMBER
Classification number J4x5451 An24ca/1
100 ## - MAIN ENTRY--PERSONAL NAME
Personal name Andhra Pradesh. Planning and Co-operation Department
9 (RLIN) 4812
245 ## - TITLE STATEMENT
Title Perspective plan for coastal Andhra
Statement of responsibility, etc by Planning and Co-operation Department
260 ## - PUBLICATION, DISTRIBUTION, ETC. (IMPRINT)
Place of publication, distribution, etc Hyderabad
Name of publisher, distributor, etc Government Central Press
Date of publication, distribution, etc 1974
300 ## - PHYSICAL DESCRIPTION
Extent 671+p.

No items available.

Powered by Koha